Physics and geometry of disorder : perolation theory (Record no. 1396682)

MARC details
000 -LEADER
fixed length control field 00570nam a2200205Ia 4500
005 - DATE AND TIME OF LATEST TRANSACTION
control field 20250508165656.0
008 - FIXED-LENGTH DATA ELEMENTS--GENERAL INFORMATION
fixed length control field 008 250505s9999 xx 000 0 eng d
037 ## - SOURCE OF ACQUISITION
Stock number Periodicals
040 ## - CATALOGING SOURCE
Original cataloging agency FEDL
Language of cataloging eng
Transcribing agency FEDL
041 ## - LANGUAGE CODE
Language code of text/sound track or separate title eng
Source of code eng
084 ## - COLON CLASSIFICATION NUMBER
Classification number 530.1, EFR
Assigning agency FEDL
100 ## - MAIN ENTRY--PERSONAL NAME
Personal name Efros A.L.
9 (RLIN) 781583
245 #0 - TITLE STATEMENT
Title Physics and geometry of disorder : perolation theory
260 ## - PUBLICATION, DISTRIBUTION, ETC.
Place of publication, distribution, etc. Moscow
Name of publisher, distributor, etc. Mir Publishers
Date of publication, distribution, etc. 1986
300 ## - PHYSICAL DESCRIPTION
Extent 259p.
365 ## - TRADE PRICE
Price type code INR
Price amount 10.5
490 ## - SERIES STATEMENT
Series statement Science for everyone
942 ## - ADDED ENTRY ELEMENTS (KOHA)
Koha item type Periodicals
Classification part 530.1, EFR
Holdings
Withdrawn status Lost status Damaged status Not for loan Home library Current library Date acquired Cost, normal purchase price Total Checkouts Full call number Barcode Date last seen Price effective from Koha item type
        Department of Education Library Department of Education Library 2025-05-08 10.50   530.1, EFR EL0090334 2025-05-08 2025-05-08 Periodicals
Copyright @ Delhi University Library System